000
00237nam a2200097Ia 4500
001
719617
005
20250826163046.0
008
250824s9999 xx 000 0 und d
245
0
_a
KANLI TOPRAKLAR
_c
ORHAN KEMAL
260
_b
EVEREST YAYINLARI
999
_c
719617
_d
719617